| 000 | 00777nam a22001937a 4500 | ||
|---|---|---|---|
| 005 | 20260511142013.0 | ||
| 008 | 260511b |||||||| |||| 00| 0 eng d | ||
| 040 | _cCRL | ||
| 041 | _aਪੰਜਾਬੀ | ||
| 100 |
_aਸਿੰਘ, ਚਰਨਪ੍ਰੀਤ _91238989 |
||
| 245 |
_aਭਾਰਤੀ ਦਰਸ਼ਨ ਅਤੇ ਗੁਰਬਾਣੀ ਵਿੱਚ ਮੁਕਤੀ ਦਾ ਸੰਕਲਪ: _bਤੁਲਨਾਤਮਕ ਅਧਿਐਨ _cby ਚਰਨਪ੍ਰੀਤ ਸਿੰਘ, |
||
| 260 |
_aDelhi: _bUniversity of Delhi, _c2025. |
||
| 300 | _a445 ਪ. | ||
| 502 |
_bPh.D. _cUniversity of Delhi |
||
| 700 |
_aਸਿੰਘ, ਕਮਲਜੀਤ _91238990 |
||
| 710 |
_bDepartment of Punjabi, University of Delhi. _91238985 |
||
| 942 | _cTH | ||
| 999 |
_c1851183 _d1851183 |
||